| 000 | 00913nam a22001937a 4500 | ||
|---|---|---|---|
| 003 | CO-CtgCURN | ||
| 005 | 20250423122931.0 | ||
| 008 | 250423b |||||||| |||| 00| 0 eng d | ||
| 040 |
_aCO-CtgCURN _bspa _ccoctgcurn |
||
| 082 |
_a610.986 _bP387 |
||
| 100 | _aGarcía Usta, Jorge. | ||
| 245 |
_aEl pensamiento médico : _bselección de textos médicos (1890 - 1940). |
||
| 260 |
_aBogotá : _bGobernación de Bolívar, _c2000. |
||
| 300 | _a158 p. | ||
| 490 | _aColección Tercer Milenio | ||
| 505 | _aEl patrimonio medico del Bolívar grande.--Los médicos memoria olvidada.--Un caso de miofibroma uterino.--Moral medica.--Un caso de fiebre tifo malaria.--La cirugía conservadora.--Mujeres publicas higiene de la prostitución.--El alcoholismo desde un punto de vista medico legal | ||
| 650 |
_aMédicos _vHistoria _ySiglo XX _zBolívar (Colombia) |
||
| 942 |
_2ddc _cBK _h610.986 _iP387 _n0 |
||
| 999 |
_c30914 _d30914 |
||